00599nam a22002057a 4500003000500000005001700005008004100022010001000063011001000073035001000083040000900093082001700102100002800119245009600147260003000243300003100273650004100304650002200345700002600367CHAP20220329134511.0971013s1984 r 00010 d a21248 a22220 a26313 cCHAP a595.701bB6400aBorkvec, Alexej B.eed. aInsect neurochemistry and neurophysiologyb: proceedings of an International Conference ... aNew York :bPlenum,c1984 a523 p.b: ilus. ; gráfs.14aInsectosxAnatomía y fisiología.14aSistema nervioso.0 aKelly, Thomas J.eed.